00822nam a2200217 a 450000100100000000500170001000800410002702000150006804000130008308200160009610000290011224501100014126000420025144000290029350400730032250400390039570000330043404900090046795201130047699900150058900000476520200929151511.0090727s1973 sp a 000 0 spa d a8425407850 aDO-SdBNP axxxxbB596n1 aBillard, Francois91383613aEl niño fisicamente disnimuido :bun niño como los otros /cFrancois Billard ; prefacio Marc Oraison. aBarcelona, España :bHerder,c1973. 4aNuestros Hijosn2913837 aIncluye referencias bibliográficas y notas al pie de las páginas aIncluye bibliografías (p. 91-92)1 aOraison, Marc,epref.913838 aBNPD 001050718MOaGRbGRcCTd2009-07-27iLF1l0oxxxx B596np4765-10r2020-06-25w2020-06-25y1ZNo se presta c4571d4571